000 00483nam a22001697a 4500
005 20250325135214.0
008 250325b |||||||| |||| 00| 0 eng d
020 _a9781032129433
041 _aEng.
082 _a658.408 WEA
100 _aWeaver, Rasheda L
245 _aSocial Entrepreneurship: A Practical Introduction
260 _aNew York
_bRoutledge
_c2023
300 _a131;. P. 23 cm
650 _aSocial Entrepreneurship; Social Responsibility Of Business
942 _cBK
999 _c43388
_d43388